Statistiques concernant Record de Victoire sur les courses World Tour

Cliquez ici pour prendre le quiz!

Statistiques générales

  • Ce quiz a été pris 17 fois
  • Le résultat moyen est 11 sur 15

Statistiques - réponses

HintRéponse% Correct
Tour de FranceEddy Merckx, Bernard Hinault, Jacques Anquetil, Miguel Indurain
100%
Flèche WallonneAlejandro Valverde
93%
Tour d'ItalieAlfredo Binda, Fausto Coppi, Eddy Merckx
93%
Championnat du monde routeAlfredo Binda, Rik Van Steenbergen, Eddy Merckx, Óscar Freire, Peter Sagan
93%
Paris roubaixTom Boonen, Roger De Vlaeminck
93%
Milan San RemoEddy Merckx
87%
Liège-Bastogne-LiègeEddy Merckx
87%
Tour des FlandresTom Bonnen, Fabian Cancellara,
Achiel Buysse, Fiorenzo Magni, Eric Leman, Johan Museeuw
80%
Criterium du DauphinéNello Lauredi, Luis Ocaña, Bernard Hinault, Charly Mottet, Christopher Froome
73%
GP E3Tom Boonen
73%
Paris-NiceSean Kelly
53%
Tour de LombardieFausto Coppi
40%
Tour d'EspagneRoberto Heras
40%
Tirreno adriaticoRoger De Vlaeminck
27%
Tour de SuissePasquale Fornara
20%

Distribution des résultats

Percentile par nombre de réponses

% des personnes avec chaque résultat

Votre développement - résultats

Vous n’avez pas pris ce quiz